Movies Quiz

Random Movies Quiz

Name the film! Quiz Stats

Quiz not verified by Sporcle

Also try: Parting Shots VI
Challenge
Share
Tweet
Embed
Score 0/30 Timer 03:00
0 Plays Today
Characters Film % Correct
Butch Cassidy, The Sundance Kid, Etta PlaceButch Cassidy and the Sundance Kid
95.7%
Rhett Butler, Scarlett O'HaraGone With the Wind
89.4%
R.P. McMurphy, Nurse Ratched, Dale HardingOne Flew Over the Cuckoo's Nest
89.4%
Vincent Vega, Jules Winnfield, Mia WallacePulp Fiction
80.9%
Juno MacGuff, Paulie Bleeker, Vanessa LoringJuno
74.5%
Jackie Brown, Max Cherry, Ordell RobbieJackie Brown
74.5%
Lester Burnham, Carolyn Burnham, Angela HayesAmerican Beauty
70.2%
Thelma Dickinson, Louise Sawyer, Hal SlocumbThelma & Louise
66%
Laurie Strode, Annie Brackett, Michael MyersHalloween
51.1%
Humbert Humbert, Dolores 'Lolita' Haze, Charlotte Haze-HumbertLolita
46.8%
Alice Hardy, Pamela Voorhees, Steve ChristyFriday the 13th
44.7%
Ennis Del Mar, Jack Twist, Lureen NewsomeBrokeback Mountain
44.7%
Cady Heron, Regina George, Gretchen WeinersMean Girls
38.3%
Stuntman Mike, Butterfly, AbernathyDeath Proof
38.3%
Jim Stark, Judy, PlatoRebel Without A Cause
31.9%
Characters Film % Correct
Richard Hoover, Sheryl Hoover, Olive HooverLittle Miss Sunshine
27.7%
Mark Cohen, Roger Davis, Mimi MarquezRent
23.4%
Ash Williams, Linda, ScottyEvil Dead
23.4%
Cal Trask, Aron Trask, AbraEast of Eden
19.1%
Gerry and Cookie Fleck, Meg and Hamilton Swan, Sherri Ann Cabot and Christy CummingsBest in Show
14.9%
Otis B. Driftwood, Baby Firefly, Captain SpauldingThe Devil's Rejects
12.8%
Lux Lisbon, Trip Fontaine, Tim WinerThe Virgin Suicides
10.6%
Jennifer Check, Anita 'Needy' Lesnicki, ChipJennifer's Body
10.6%
John Ferguson, Judy Barton, Midge WoodVertigo
8.5%
Sean Bateman, Lauren Hynde, Paul DentonThe Rules of Attraction
6.4%
Sam Cahill, Tommy Cahill, Grace CahillBrothers
4.3%
Graham Waters, Jean Cabot, Tom HansonCrash
4.3%
Fergus, Jody, DilThe Crying Game
4.3%
Martini 'Marty' Blank, Rocky Merric, George TooneyMean Creek
2.1%
Sabrina 'Bree' Osbourne, Toby Wilkins, Calvin Many GoatsTransamerica
2.1%

You're not logged in!

Compare scores with friends on all Sporcle quizzes.
Sign Up with Email
OR
Log In

You Might Also Like...

Show Comments

Extras

Top Quizzes Today


Score Distribution

Your Account Isn't Verified!

In order to create a playlist on Sporcle, you need to verify the email address you used during registration. Go to your Sporcle Settings to finish the process.

Report this User

Report this user for behavior that violates our Community Guidelines.

Details: